| 000 | 00351nam a2200145Ia 4500 | ||
|---|---|---|---|
| 003 | OSt | ||
| 005 | 20240104105221.0 | ||
| 008 | 170523s9999 xx 000 0 und d | ||
| 020 | _a9788126516247 | ||
| 040 | _cIIMT UNIVERSITY | ||
| 100 | _aSpaanjaars- Imar | ||
| 245 | 0 | _aBeginning ASP.NET 3.5 In C# and VB | |
| 260 | _aWiley India | ||
| 942 |
_2ddc _c02 |
||
| 999 |
_c12294 _d12294 |
||